| 000 | 02782nam a2200253Ia 4500 | ||
|---|---|---|---|
| 003 | Ost | ||
| 005 | 20260507075001.0 | ||
| 008 | 260507s9999||||xx |||||||||||||| ||und|| | ||
| 040 | _cfsecg | ||
| 041 | _aara | ||
| 082 | _a336 | ||
| 100 |
_aالهيتي، نوزاد عبد الرجمن _eمؤلف |
||
| 245 | 0 |
_aالمدخل الحديث في اقتصاديات المالية العامة / _c نوزاد عبد الرجمن الهيتي |
|
| 260 |
_aعمان: _bدار المناجج للنشر, _c2005 |
||
| 300 |
_a182 صفحة؛ _bإيضاحات ؛ _c24 سم |
||
| 504 | _aبيبليوغرافيا: ص.177-182 | ||
| 520 | _aتعد المالية العامة (اقتصاديات المالية العامة) أحد العلوم الاجتماعية الحديثة نسبياً، فضلاً عن كونه أحد فروع علم الاقتصاد العام والاقتصاد التطبيقي الذي أخذ يتطور من حيث الأدوات الفنية وأساليب المعالجة للمسائل الخاصة بمالية الحكومة، واتسع نطاقه خلال النصف الثاني من القرن العشرين خاصة عند اتساع نطاق مسؤولية الدولة اجتماعياً وانتقاءياً. وقد أدى هذا التطور إلى تطوير فلسفة المالية العامة من مجرد كونه الموضوع التقليدي للموازنة بين الإيرادات العامة والنفقات العامة، إلى كون هذا العلم هو انعكاس للتحولات الاقتصادية والاجتماعية والسياسية التي أتسم بها العصر الحديث. ويبحث علم المالية العامة أو ما يسمى بالاقتصاد المالي في تحقيق الموائمة بين مستوى الإيرادات العامة ومستوى النفقات العامة بما يسهم في حل المشكلة الاقتصادية، والإسراع في تنفيذ المشاريع الإنمائية. وهكذا تعد المالية العامة أحد الأدوات المهمة التي تستخدمها الدولة في النشاط الاقتصادي، فضلاً عن كونها من أهم أدوات التخطيط الاقتصادي بصفة عامة والتخطيط المالي بصفة خاصة. ولما كان الاقتصاد المالي يهتم بدراسة أثر المتغيرات المالية على إجمالي النشاط الاقتصادي في المجتمع. | ||
| 653 | _aالاقتصاد | ||
| 653 | _aالمالية العامة | ||
| 653 | _aالموازنة العامة | ||
| 653 | _aالنفقات العامة | ||
| 700 |
_aالخشالي، منجد عبد اللطيف _eمؤلف ثانوي |
||
| 942 | _cكتاب | ||
| 999 |
_c42077 _d42077 |
||